=LDR 00000nam 2200000 4500 =001 INLIS000000000006490 =005 20251110011039 =035 ##$$a 0010-1125000364 =007 ta =008 251110################f##########0#ind## =082 ##$$a 304.66 =084 ##$$a 304.66 BAD p =245 1#$$a Panduan Pelaksanaan Jaminan Mutu Pelayanan Keluarga Berencana: Aspek Manajemen Program /$c BADAN KOORDINASI KELUARGA BERENCANA NASIONAL =260 ##$$a Jakarta :$b Badan Koordinasi Keluarga Berencana Nasional,$c 1999 =300 ##$$a 142 hlm. =650 #4$$a Keluarga Berencana =110 2#$$a BADAN KOORDINASI KELUARGA BERENCANA NASIONAL =856 ##$$a Perpustakaan Kemendukbangga